Statistics for Quiz on JetPunk Users - Expanded

Click here to take the quiz!

General Stats

  • This quiz has been taken 47 times
    (14 since last reset)
  • The average score is 31 of 135

Answer Stats

Answer % Correct
Puerto Rico (USA)
90%
United States
90%
United States
90%
United States
90%
United States
90%
Puerto Rico (USA)
90%
United Kingdom
70%
United Kingdom
70%
United Kingdom
70%
United Kingdom
70%
Fjordland National Park (New Zealand)
60%
New Zealand, Costa Rica and Tristan da Cunha
60%
New Zealand
60%
Stewart
60%
Serbia (Yugoslavia)
50%
Serbia (Yugoslavia)
50%
London
50%
London
50%
London
50%
Jeremy
50%
Italy
40%
Soccer/football
40%
Soccer/football
40%
Italy
40%
Manchester United
40%
Baseball
40%
Manchester United
40%
Scambigol
40%
Scambigol
40%
Birmingham
40%
San Juan
40%
Adam
40%
Basketball
30%
NE Patriots
30%
Beatles
30%
New England Patriots
30%
Paris, France or Russia
30%
Auckland
30%
Rome
30%
Russia
30%
Australia
30%
Rome
30%
Rome
30%
Belgrade
30%
Relessness
30%
Beatles
30%
Belgrade
30%
Zürich
30%
Belgrade
30%
Cricket
30%
Switzerland
30%
Bern
30%
Switzerland
30%
Boston
30%
Aman/Arun
30%
Boston
30%
Jerry928
30%
Boston
30%
Jerry928
30%
Jerry928
30%
Giovanni
20%
AS Roma
20%
Philadelphia
20%
Iceland
20%
Bangkok
20%
Иван (Ivan)
20%
near Bangkok
20%
Cameron
10%
Jiaozira
10%
Skiing
10%
Worcester
10%
Timo
10%
Budapest
10%
Countries of the World with an Empty Map
10%
Ravioli
10%
Thailand
10%
Münsingen
10%
Lofoten Islands, Norway
10%
Spaghetti Bolognese
10%
Badminton
10%
Bayern Munich
10%
Thailand
10%
Red Star Belgrade (Crvena Zvezda)
10%
Liechtenstein
10%
Metallica
10%
Orlando
10%
Santo Domingo
10%
Japan
10%
Badminton
10%
Brighton and Hove
10%
Greece
10%
Orlando
10%
Kiwirage
10%
Saharan sand dunes in south Morocco (watched sunrise sitting on top of dune)
10%
Rob (Oscar)
10%
Arsenal
10%
Canovanas
0%
Cape Town
0%
Cheesesteak
0%
Easiest Jetpunk answers series
0%
Countries by Borders in 90 seconds
0%
Countries Breakdown series by Kiwirage
0%
Chon Buri
0%
Bristol
0%
Bon Jovi
0%
Shanghai
0%
Gnocchi
0%
World Map Without 12 Countries series
0%
Skukka
0%
Bali, Indonesia
0%
Bear, DE
0%
Faroe Islands, Greenland, Palestine
0%
Bengals
0%
Bear, DE
0%
Singapore
0%
Globe Grid by ThirdParty
0%
Pasta
0%
St Martin
0%
Nachos
0%
Train
0%
Petanque
0%
Sting
0%
Taekwondo
0%
Pongsathon (Nan)
0%
Anything with meat
0%
Random capital to country
0%
Goose house
0%
Countries closest to… Series
0%
Florence and the Machine
0%
Singapore
0%
Green Day
0%
World map 30x32 puzzle
0%
Lasagne
0%
Singapore
0%
Flags of the World Quiz
0%

Score Distribution

Percentile by Number Answered

Percent of People with Each Score

Your Score History

You have not taken this quiz since the last reset